000 00551nam a2200193Ia 4500
005 20250508151659.0
008 008 250505s9999 xx 000 0 eng d
037 _aTextual
040 _aFEDL
_beng
_cFEDL
041 _aeng
_2eng
084 _a371.3, SOM
_qFEDL
100 _aSomerville John
_979465
245 0 _aEnjoyment of study : In school or on your own
260 _aNew York, USA
_bAbelard-Schuman
_c1954
300 _axii,209p.
650 _aTeaching Technique
942 _cTEXL
_h371.3, SOM
999 _c1331401
_d1331401